| 000 | 02670cam a22006254i 4500 | ||
|---|---|---|---|
| 003 | PE-LiUPU | ||
| 005 | 20250731170454.0 | ||
| 008 | 150706s2010 sp a r 000 0 spa d | ||
| 020 | _a9788425426698 | ||
| 035 | _a(Sirsi) i9788425426698 | ||
| 040 |
_aPE-LiUPU _bspa _cPE-LiUPU _erda |
||
| 049 | _aPRUA | ||
| 082 | 0 | 4 |
_a109 _bR31 _221 |
| 100 | 1 |
_aReale, Giovanni, _eautor. |
|
| 245 | 1 | 0 |
_aHistoria de la filosofía III Del romanticismo a nuestros días : _bDe Freud a nuestros días / _cGiovanni Reale y Dario Antiseri ; traducción, Juan Andrés Iglesias, María Pons Irazazábal y Antoni Martínez Riu. |
| 264 | 1 |
_aBarcelona : _bHERDER, _c2010. |
|
| 300 |
_a432 páginas : _bilustraciones ; _c26 centímetros |
||
| 336 |
_atext _2rdacontent |
||
| 337 |
_aunmediated _2rdamedia |
||
| 338 |
_avolume _2rdacarrier |
||
| 505 | 0 | _aLas ciencias humana en el siglo XX -- El desarrollo de las ciencias matemáticas y físico-naturales en el siglo XX -- La epistemología contemporánea en su génesis y en su desarrollo -- Grandes protagonistas de la filosofía teórica norteamericana contemporánea -- Individuo, Mercado y Estado en la politología norteamericana contemporánea: Rawls, Nozick, Novak, -- Filosofía española e iberoamericana -- Antigüedad y Edad media -- Edad moderna -- La filosofía en el siglo XIX -- La filosofía en el siglo XX. | |
| 526 | _aSEG68 | ||
| 526 | _aSEG70 | ||
| 526 | _aSEG69 | ||
| 526 | _aSEG67 | ||
| 526 | _aSEG43 | ||
| 526 | _aP144 | ||
| 526 | _aP143 | ||
| 526 | _aP131 | ||
| 526 | _aP122 | ||
| 526 | _aP120 | ||
| 526 | _aP117 | ||
| 526 | _aP112 | ||
| 526 | _aP110 | ||
| 526 | _aP106 | ||
| 526 | _aP101 | ||
| 526 | _aP80 | ||
| 526 | _aP59 | ||
| 526 | _aP54 | ||
| 526 | _aP35 | ||
| 526 | _aP33 | ||
| 526 | _aP30 | ||
| 541 | _g006-0041988; | ||
| 650 | 0 | 4 |
_aFilosofía _xHistoria . |
| 650 | 0 | 4 | _aFilosofía. |
| 650 | 0 | 4 |
_aFilosofía antigua _xHistoria . |
| 700 | 1 |
_aAntiseri, Dario, _eautor. |
|
| 910 |
_agl _bjv _cng _d20120409 |
||
| 942 |
_2ddc _cBOOK |
||
| 949 |
_a109 R31 3 / 3 _wDEWEY _c1 _i64446 _lCCODEBUL1 _mBUL _p38.00 _r0 _sY _tBOOK _u2015-7-6 _xTEOLOGIA _PP35 _o.STAFF. Colección Teología |
||
| 994 |
_aC0 _bPEPRU |
||
| 596 | _a1 | ||
| 999 |
_a109 R31 3 / 3 _wDEWEY _c53198 _i64446 _d53198 _e2017-4-20 _f2021-11-8 _g5 _lCCODEBUL1 _mBUL _n2 _p38.00 _r0 _sY _tBOOK _u2015-7-6 _xTEOLOGIA _PP35 _0COMPRA _o.STAFF. Colección Teología |
||
| 999 |
_a109 R31 3 / 3 _wDEWEY _c2 _i69543 _d2018-5-21 _e2018-5-18 _f2021-11-8 _g5 _lCCODEBUL1 _mBUL _n1 _q1 _r0 _sY _tBOOK _u2015-7-17 _xTEOLOGIA _PP35 _0COMPRA _o.STAFF. Colección General |
||
| 980 |
_81 _gALBERTO SANCHEZ Responsable de Automatización |
||